000
00332nam a22001457a 4500
008
210310b ||||| |||| 00| 0 eng d
020
_a
9780073526874
041
_a
eng
080
_2
5th
_a
330.722.6
082
_a
330.722.6
100
_a
61
101
_a
KF
245
_a
Intermediate Accounting
_c
Spiceland, D
942
_2
udc
_c
BK
999
_c
56111
_d
56111